| 000 | 00427nam a2200169Ia 4500 | ||
|---|---|---|---|
| 001 | 23569 | ||
| 005 | 20260414150946.0 | ||
| 008 | 260414t2004||||xx |||||||||||||| ||spa|| | ||
| 041 | _aESP | ||
| 082 |
_a669.14 _bA18 |
||
| 100 |
_a[Corporación Aceros Arequipa S.A.] _eAUT |
||
| 245 | 0 |
_aManual de aplicación para barra de construcción _b |
|
| 260 | _c2004 | ||
| 650 | _aTCA | ||
| 654 | _aCII | ||
| 942 |
_cLIB _dJUS _fJUS _2ddc _n |
||
| 999 |
_c23569 _d23569 |
||